Welcome to CU Library Online Public Access Catalogue (OPAC)

Philosophy and politics; (Record no. 2513)

MARC details
000 -LEADER
fixed length control field 00452nam a22001457a 4500
005 - DATE AND TIME OF LATEST TRANSACTION
control field 20250110132001.0
008 - FIXED-LENGTH DATA ELEMENTS--GENERAL INFORMATION
fixed length control field 250110b |||||||| |||| 00| 0 eng d
020 ## - INTERNATIONAL STANDARD BOOK NUMBER
International Standard Book Number 9780231692
050 ## - LIBRARY OF CONGRESS CALL NUMBER
Classification number JA84
Item number .N6 DOK
245 ## - TITLE STATEMENT
Title Philosophy and politics;
Remainder of title Discourse on values, politics and power in Africa
Statement of responsibility, etc. edited by Maduabuchi Dukor
260 ## - PUBLICATION, DISTRIBUTION, ETC.
Place of publication, distribution, etc. Lagos
Name of publisher, distributor, etc. Malthouse Press Ltd
Date of publication, distribution, etc. c2003
300 ## - PHYSICAL DESCRIPTION
Extent xxx, 422p
700 ## - ADDED ENTRY--PERSONAL NAME
Personal name ed. Maduabuchi Dukor
942 ## - ADDED ENTRY ELEMENTS (KOHA)
Source of classification or shelving scheme Library of Congress Classification
Koha item type Books
Suppress in OPAC No
999 ## -
-- 2513
-- 2513
Holdings
Withdrawn status Lost status Source of classification or shelving scheme Damaged status Not for loan Collection Home library Current library Shelving location Date acquired Total checkouts Full call number Barcode Date last seen Copy number Price effective from Koha item type
    Library of Congress Classification     Non-fiction Undergraduate Library (Christ Temple) Undergraduate Library (Christ Temple) General stacks 01/10/2025   JA84.N6 DUK ulct00000780 01/10/2025 1 01/10/2025 Books
© 2023-2024 Copyright: Central University Libraries. All Rights Reserved | Created by: Mahone Tech Office